000 00464nam a22001457a 4500
020 _a978-9673498451
082 _a658.4038011
_bLAU
100 _aLaudon, Kenneth C.
245 _aManagement Information Systems: Managing the Digital Firm /
_cKenneth C. Laudon and Jane P. Laudon
250 _a16th Edition (Global Edition)
260 _aIndia:
_bPearson Education Limited ,
_c2020.
300 _axxxi, 648p. :
_c25cm
563 _aPB
942 _2ddc
_cBK
999 _c613584
_d613584